000 01802cam a22004934i 4500
003 PE-LiUPU
005 20250731184557.0
008 150706s2008 sp a r 000 0 spa d
020 _a9788425425332
035 _a(Sirsi) i9788425425332
040 _aPE-LiUPU
_bspa
_cPE-LiUPU
_erda
049 _aPRUA
082 0 4 _a923.137
_bB83
_221
100 1 _aBringmann, Klaus,
_eautor.
245 1 0 _aAugusto /
_cKlaus Bringmann ; traducción, Daniel Romero.
264 1 _a[Barcelona]
_bHerder
_c[2008]
300 _a343 páginas :
_bilustraciones ;
_c23 centímetros
336 _atext
_2rdacontent
337 _aunmediated
_2rdamedia
338 _avolume
_2rdacarrier
505 0 _aInfancia y juventud -- El heredero de César -- La instauración de la monarquía en la República restaurada -- Augusto y el Imperio -- Res publica y sucesión dinámica -- Triple balance.
526 _aP136
526 _aP135
526 _aP134
526 _aP133
526 _aP144
526 _aP143
526 _aP87
526 _aP35
526 _aP20
526 _aP14
526 _aP10
526 _aP06
541 _g007-0020481;
600 0 4 _aAugusto,
_cEmperador de Roma
_2embne
651 7 _aRoma
_xHistoria
_y30 a.C.-14 d.C. (Augusto)
_2embne
700 1 _aRomero, Daniel,
_etraductor.
910 _agl
_bjv
_cjvm
_d20100318
942 _2ddc
_cBOOK
949 _a923.137 B83
_wDEWEY
_c1
_i60896
_lCCODEBUL1
_mBUL
_p38.00
_r0
_sY
_tBOOK
_u2015-7-6
_xTEOLOGIA
_zUNKNOWN
_0COMPRA
_o.STAFF. Colección General
994 _aC0
_bPEPRU
596 _a1
999 _a923.137 B83
_wDEWEY
_c50256
_i60896
_d50256
_f2021-11-11
_g5
_lCCODEBUL1
_mBUL
_p38.00
_q2
_r0
_sY
_tBOOK
_u2015-7-6
_xTEOLOGIA
_PP35
_0COMPRA
_o.STAFF. Colección Teología
980 _81
_gALBERTO SANCHEZ Responsable de Automatización